<?xml version="1.0" encoding="UTF-8"?>
<collection xmlns="http://www.loc.gov/MARC21/slim">
 <record>
  <leader>01394nam a22002057a 4500</leader>
  <controlfield tag="001">NCT_4_020029</controlfield>
  <controlfield tag="008">250516b        xxu||||| |||| 00| 0 vie d</controlfield>
  <datafield tag="999" ind1=" " ind2=" ">
   <subfield code="c">8977</subfield>
   <subfield code="d">8977</subfield>
  </datafield>
  <datafield tag="020" ind1=" " ind2=" ">
   <subfield code="a">9786044847924</subfield>
   <subfield code="c">190000</subfield>
  </datafield>
  <datafield tag="082" ind1="0" ind2="4">
   <subfield code="2">23rd ed.</subfield>
   <subfield code="a">306.09597</subfield>
   <subfield code="b">Th312</subfield>
  </datafield>
  <datafield tag="100" ind1="1" ind2=" ">
   <subfield code="a">Ngô Đức Thịnh</subfield>
  </datafield>
  <datafield tag="245" ind1="1" ind2="0">
   <subfield code="a">Hệ giá trị văn hóa Việt Nam</subfield>
   <subfield code="c">Ngô Đức Thịnh</subfield>
  </datafield>
  <datafield tag="260" ind1=" " ind2=" ">
   <subfield code="a">H.</subfield>
   <subfield code="b">Tri thức</subfield>
   <subfield code="c">2025</subfield>
  </datafield>
  <datafield tag="300" ind1=" " ind2=" ">
   <subfield code="a">378 tr.</subfield>
   <subfield code="c">21 cm</subfield>
  </datafield>
  <datafield tag="520" ind1="3" ind2=" ">
   <subfield code="a">Cuốn sách trình bày cái nhìn tổng quan tình hình nghiên cứu và một số vấn đề lý luận về giá trị văn hoá. Nghiên cứu những giá trị văn hoá của Việt Nam trong việc thích ứng và khai thác tài nguyên, thủ công nghiệp truyền thống, đạo đức kinh doanh, văn học nghệ thuật, giáo dục và đào tạo, hội nhập văn hoá và phát triển</subfield>
  </datafield>
  <datafield tag="653" ind1=" " ind2=" ">
   <subfield code="a">Quản trị DV Du lịch và Lữ hành</subfield>
  </datafield>
  <datafield tag="942" ind1=" " ind2=" ">
   <subfield code="2">ddc</subfield>
   <subfield code="c">BK</subfield>
  </datafield>
  <datafield tag="952" ind1=" " ind2=" ">
   <subfield code="0">0</subfield>
   <subfield code="1">0</subfield>
   <subfield code="2">ddc</subfield>
   <subfield code="4">0</subfield>
   <subfield code="6">306_095970000000000_TH312</subfield>
   <subfield code="7">0</subfield>
   <subfield code="9">30751</subfield>
   <subfield code="a">000001</subfield>
   <subfield code="b">000001</subfield>
   <subfield code="d">2025-05-16</subfield>
   <subfield code="o">306.09597 Th312</subfield>
   <subfield code="p">MD.23881</subfield>
   <subfield code="r">2025-05-16</subfield>
   <subfield code="v">190000.00</subfield>
   <subfield code="w">2025-05-16</subfield>
   <subfield code="y">BK</subfield>
  </datafield>
  <datafield tag="952" ind1=" " ind2=" ">
   <subfield code="0">0</subfield>
   <subfield code="1">0</subfield>
   <subfield code="2">ddc</subfield>
   <subfield code="4">0</subfield>
   <subfield code="6">306_095970000000000_TH312</subfield>
   <subfield code="7">0</subfield>
   <subfield code="9">30752</subfield>
   <subfield code="a">000001</subfield>
   <subfield code="b">000001</subfield>
   <subfield code="d">2025-05-16</subfield>
   <subfield code="o">306.09597 Th312</subfield>
   <subfield code="p">MD.23882</subfield>
   <subfield code="r">2025-05-16</subfield>
   <subfield code="v">190000.00</subfield>
   <subfield code="w">2025-05-16</subfield>
   <subfield code="y">BK</subfield>
  </datafield>
  <datafield tag="980" ind1=" " ind2=" ">
   <subfield code="a">Thư viện Trường Đại học Nam Cần Thơ</subfield>
  </datafield>
 </record>
</collection>
